=LDR 00000nam 2200000 4500 =001 INLIS000000000054103 =005 20190524024514 =035 ##$$a 0010-0519000165 =007 ta =008 190524###########################0#ind## =020 ##$$a 979-763-189-3 =082 ##$$a 004.65 =084 ##$$a 004.65 RAH p =100 #$$a Rahmat rafiudin =245 1#$$a Praktis membangun portal server /$c Rahmat rafiudin =250 ##$$a Cet 1 =260 ##$$a Yogyakarta :$b Andi,$c 2006 =300 ##$$a vii, 198 hlm. : $b ilus. ; $c 23 Cm. =650 ##$$a Jaringan komunikasi =700 #$$a Editor, Renati winang rosari =990 ##$$a 10761076 =990 ##$$a 31900174